000 00430nam a2200157Ia 4500
008 230711s9999||||xx |||||||||||||| ||und||
041 _aENG
082 _a720
_bPO-O
100 _aPostiglione,Gennaro
245 0 _a100 one hundred houses for one hundred European architects of 20th century
250 _a1st . . . Ed.
260 _c1998
_aNew York
_bTaschen Publications
300 _a480
650 _aArchitecture
942 _cBK
999 _c4966
_d4966